| Tag |
First Indicator |
Second Indicator |
Subfields |
| LEADER |
00000cam a22000001a 4500 |
| 001 |
in00003781420 |
| 005 |
20190408184736.0 |
| 006 |
m o d f |
| 007 |
cr bn mmmapmmp |
| 008 |
141211s1911 dcu o f000 0 eng d |
| 035 |
|
|
|a ebd1910511123
|
| 040 |
|
|
|a UMI
|c UMI
|d UtOrBLW
|
| 086 |
0 |
|
|a A 22.3:37
|
| 099 |
|
|
|a A22.3-37
|
| 110 |
1 |
|
|a United States.
|b Department of Agriculture.
|0 http://id.loc.gov/authorities/names/n79008243
|
| 245 |
1 |
0 |
|a Examination and classification of rocks for road building, including physical properties of rocks with reference to their mineral composition and structure.
|
| 264 |
|
1 |
|a [Washington] :
|b GPO,
|c 1911.
|
| 300 |
|
|
|a 1 online resource (28+ovolumes pages)
|
| 336 |
|
|
|a text
|b txt
|2 rdacontent
|
| 337 |
|
|
|a computer
|b c
|2 rdamedia
|
| 338 |
|
|
|a online resource
|b cr
|2 rdacarrier
|
| 490 |
0 |
|
|a Public Roads Office Bull. No. 37
|
| 533 |
|
|
|a Electronic reproduction.
|b [Bethesda, Md.] :
|c ProQuest,
|d 2014.
|e digital, PDF file.
|n ProQuest U.S. Executive Branch Documents
|n Mode of access: World Wide Web via ProQuest website.
|
| 588 |
|
|
|a Record is based on online resource; title from PDF title page (ProQuest, last viewed Dec. 2014). Reuse except for individual research requires license from ProQuest, LLC.
|
| 500 |
|
|
|a Electronic resource.
|
| 650 |
|
0 |
|a Classification.
|0 http://id.loc.gov/authorities/subjects/sh85026719
|
| 650 |
|
0 |
|a Quality control.
|0 http://id.loc.gov/authorities/subjects/sh85109440
|
| 650 |
|
0 |
|a Quarries and quarrying.
|0 http://id.loc.gov/authorities/subjects/sh85109481
|
| 650 |
|
0 |
|a Roads.
|0 http://id.loc.gov/authorities/subjects/sh85114487
|
| 655 |
|
7 |
|a Electronic books.
|2 local
|
| 856 |
4 |
0 |
|u http://proxy.library.tamu.edu/login?url=http://congressional.proquest.com/congressional/docview/t66.d71.a22.3-37
|z Connect to the full text of this electronic document
|t 0
|
| 999 |
f |
f |
|s 8b6346ea-eddd-339a-bb17-6012318d556f
|i 847714c4-3114-3a2b-af82-3e3511be984d
|t 0
|
| 952 |
f |
f |
|a Texas A&M University
|b College Station
|c Electronic Resources
|d Available Online
|t 0
|h No information provided
|
| 998 |
f |
f |
|t 0
|l Available Online
|